Estatísticas para Logos de jogos

Clique aqui para jogar o quiz

Estatísticas Gerais

  • Esse quiz foi jogado 897 vezes
  • A pontuação média é 10 de 15

Estatísticas das Respostas

Resposta% Correto
Minecraft
99%
Play Station
99%
XBox
98%
Candy Crush
93%
Mortal Kombat
88%
Sega
85%
Clash of Clans
76%
Nintendo 64
75%
Doom
71%
Overwatch
70%
Skyrim
57%
Half-Life
43%
Gears of War
38%
Ms. Pac-Man
32%
Fortine
6%

Distribuição das Pontuações

Percentil de Números Respondidos

Porcentagem de Pessoas com Cada Pontuação

Sua Pontuação Histórica

Você não jogou esse quiz